000 01220nam a2200217Ia 4500
001 20212
003 GE_BSU
008 181216s||||||||xx |||||||||||||| ||und||
040 _cGE_BSU
245 _aსაქართველოს უზენაესი სასამართლოს გადაწყვეტილებანი ადმინისტრაციულ საქმეებზე 11. ზიანის ანაზღაურება 2016
245 _bკრებული
245 _cგადაწყ. შერჩევასა და დამუშავ. პასუხისმგ. ლიანა ლომიძე
260 _aთბილისი
260 _c2016
300 _a218გვ. ; 21სმ.
653 _aზიანის ანაზღაურება
653 _aპერიოდიკა
653 _aსამართალი
653 _aსაქართველოს უზენაესი სასამართლოს გადაწყვეტილებანი ადმინისტრაციულ საქმეებზე 11. ზიანის ანაზღაურება 2016
942 _cCR
999 _c53173
_d53173